The longest journey (Record no. 7749)

MARC details
000 -LEADER
fixed length control field 00562nam a22001937a 4500
003 - CONTROL NUMBER IDENTIFIER
control field OSt
005 - DATE AND TIME OF LATEST TRANSACTION
control field 20220301111329.0
008 - FIXED-LENGTH DATA ELEMENTS--GENERAL INFORMATION
fixed length control field 220228b ||||| |||| 00| 0 eng d
020 ## - INTERNATIONAL STANDARD BOOK NUMBER
International Standard Book Number 0868408263
040 ## - CATALOGING SOURCE
Transcribing agency DDC
082 ## - DEWEY DECIMAL CLASSIFICATION NUMBER
Classification number 305.96 BRO 2006
100 ## - MAIN ENTRY--PERSONAL NAME
Personal name Browne, peter
9 (RLIN) 15804
245 ## - TITLE STATEMENT
Title The longest journey
Remainder of title : resettling refugees from Africa
260 ## - PUBLICATION, DISTRIBUTION, ETC. (IMPRINT)
Place of publication, distribution, etc. Autralia
Name of publisher, distributor, etc. : University of New South Wales
Date of publication, distribution, etc. , 2006
300 ## - PHYSICAL DESCRIPTION
Extent vi, 165p.
Dimensions ; 21 cm
504 ## - BIBLIOGRAPHY, ETC. NOTE
Bibliography, etc References <br/>Acknowledgements
650 ## - SUBJECT ADDED ENTRY--TOPICAL TERM
Topical term or geographic name as entry element Refuge - government policy
9 (RLIN) 15805
942 ## - ADDED ENTRY ELEMENTS (KOHA)
Source of classification or shelving scheme Dewey Decimal Classification
Koha item type Book

No items available.